000 00847nam a2200253Ia 4500
003 OSt
005 20221005113235.0
006 a|||||r|||| 00| 0
007 ta
008 221004b |||||||| |||| 00| 0 pan d
020 _a9789380906942 (pbk)
_c120
024 _a17739
037 _b903, 11/03/2015, H.K. Prakashan
_cTextual
040 _aCRL
_cCRL
_bpan
041 _2pan
_apan
082 _aO153,8NSAx, Q4
100 _aਸਰਬਜੀਤ
245 0 _aਬਕਵਾਸ ਕਿਤਾਬ
_b ਹਾਸ ਵਿਅੰਗ ਵਾਰਤਕ
260 _aਪਟਿਆਲਾ
_bਗ੍ਰੇFਿਅਸ ਭਾਰਤ
_c2014
300 _a112ਪੰ
_ccm.
650 _aਪੰਜਾਬੀ ਸਾਹਿਤ
942 _hO153,8NSAx, Q4
_cTEXL
_2cc
999 _c1027512
_d1027512